|
|
|
|
| LEADER |
00000cam a2200000 7i4500 |
| 001 |
0000278952 |
| 005 |
20210709114524.0 |
| 006 |
a# ###e# #### |
| 007 |
t |
| 008 |
210504 enk# e## # eng |
| 020 |
|
|
|a 9780674975286
|
| 040 |
|
|
|a MBPJ
|b eng
|c MBPJ
|e rda
|
| 090 |
|
|
|a 951.2
|b DUJ
|
| 100 |
1 |
|
|a Du, Juan ,
|e author
|
| 245 |
1 |
4 |
|a THE SHENZHEN EXPERIMENT :
|b THE STORY OF CHINA'S INSTANT CITY
|c JUAN DU
|
| 264 |
|
1 |
|a London :
|b Harvard University Press
|c 2020
|
| 264 |
|
4 |
|c ©2020
|
| 300 |
|
|
|a 376 pages ;
|c 25 cm.
|
| 336 |
|
|
|a text
|2 rdacontent
|
| 337 |
|
|
|a unmediated
|2 rdamedia
|
| 338 |
|
|
|a volume
|2 rdacarrier
|
| 504 |
|
|
|a Includes bibliographical reference and index
|
| 650 |
|
0 |
|a City planning
|z China
|y Shenxhen Shi
|
| 650 |
|
0 |
|a Shenzhen Jinji Tequ (Shenzhen Shi, China)
|
| 650 |
|
0 |
|a Shenzhen Shi (China)
|x History
|
| 650 |
|
0 |
|a Urban renewal
|z China
|y Shenzhen Shi
|
| 999 |
|
|
|a 00391866
|b BUKU
|c PINJAMAN
|e PERPUSTAKAAN KOMUNITI PETALING JAYA
|